OPERATIONS MANAGEMENT FOR COMPETITIVE AD (Record no. 33023)
[ view plain ]
| 000 -LEADER | |
|---|---|
| fixed length control field | 00266nam a2200109Ia 4500 |
| 008 - FIXED-LENGTH DATA ELEMENTS--GENERAL INFORMATION | |
| fixed length control field | 240625s9999 xx 000 0 und d |
| 041 ## - LANGUAGE CODE | |
| Language code of text/sound track or separate title | eng |
| 082 ## - DEWEY DECIMAL CLASSIFICATION NUMBER | |
| Classification number | 658.5 |
| 100 ## - MAIN ENTRY--PERSONAL NAME | |
| Personal name | AQUILANO CHASE JACOBS |
| 245 ## - TITLE STATEMENT | |
| Title | OPERATIONS MANAGEMENT FOR COMPETITIVE AD |
| 260 ## - PUBLICATION, DISTRIBUTION, ETC. | |
| Date of publication, distribution, etc. | 2004 |
| Withdrawn status | Lost status | Damaged status | Not for loan | Home library | Current library | Shelving location | Date acquired | Full call number | Barcode | Date last seen | Price effective from | Koha item type |
|---|---|---|---|---|---|---|---|---|---|---|---|---|
| IMTN | IMTN | Rack 33-A | 05/22/2006 | 658.5 | CD42 | 06/25/2024 | 06/25/2024 | CD |